Ďábel /
Ustup, Satane! Má duše je hříšná i bez tvého nekonečného našeptávání. Svůj věčně hladový chtíč mohu však nasytit jen obcováním s tebou. Myšlenky mě zrazují a jako valící se proudy lávy z právě vybuchlé sopky směřují do pekel za tebou. Budu zatracena jednou pro vždy, ale ať. Spal moje tělo žárem vášn...
Uloženo v:
| Hlavní autor: | |
|---|---|
| Médium: | E-kniha |
| Jazyk: | Czech |
| Vydáno: |
Praha :
E-knihy jedou,
2021
|
| Tagy: |
Žádné tagy |
| LEADER | 01377nam a22002297i 4500 | ||
|---|---|---|---|
| 001 | 311309 | ||
| 007 | ta | ||
| 008 | 260601s2021 xr ||||| |||| 00| 0 cze d | ||
| 020 | |a 9990003162441 | ||
| 044 | |a xr | ||
| 100 | 1 | |a Javorská, Jana |4 aut | |
| 245 | 1 | 0 | |a Ďábel / |c Javorská, Jana |
| 264 | 1 | |a Praha : |b E-knihy jedou, |c 2021 | |
| 300 | |a 1 online zdroj (161 stran) | ||
| 336 | |a text |b txt |2 rdacontent | ||
| 337 | |a bez média |b n |2 rdamedia | ||
| 338 | |a online zdroj |b cr |2 rdacarrier | ||
| 520 | 2 | |a Ustup, Satane! Má duše je hříšná i bez tvého nekonečného našeptávání. Svůj věčně hladový chtíč mohu však nasytit jen obcováním s tebou. Myšlenky mě zrazují a jako valící se proudy lávy z právě vybuchlé sopky směřují do pekel za tebou. Budu zatracena jednou pro vždy, ale ať. Spal moje tělo žárem vášně, než seškvaří ho síra v kotli. Světice už ze mě nikdy nebude. Tak pojď a vezmi si mě. | |
| 910 | |a RBIT002 | ||
| 998 | |d 316244 |a https://core.palmknihy.cz/api/books/316244/cover?qrk4kq |b https://core.palmknihy.cz/api/books/316244/cover/400?qrk4kq |c https://core.palmknihy.cz/api/books/316244/cover/50?qrk4kq |e |g 161 |i 9990003162441 |j https://core.palmknihy.cz/api/books/316244/preview.epub |k https://core.palmknihy.cz/api/books/316244/preview.pdf |l |q 49 |r 1 |s https://www.palmknihy.cz/kniha/316244 |t ebook |y 2021 |z 1 | ||
| 999 | |d 311307 | ||